000 002830000a22000970004500
100 1 _aFuller, Daniel P.
245 1 0 _aOne's future in hinduism, buddhism and islam
300 _aVol. 14, Núm 1 (1997), Páginas 15-25
773 0 _tInternational Journal of Frontier Misions
942 _cANA
999 _c55211
_d55211